000
00339pam a2200157a 44500
008
230515b2016 xxu||||| |||| 00| 0 eng d
020
_a
NULL
041
_a
ENGLISH
082
_a
617.5220
100
_a
UMARJI H R
245
_a
CONCISE ORAL MEDICINE
250
_a
1
260
_a
_b
C B S PUB
_c
2016
300
_a
286
650
_a
NULL
999
_c
564733
_d
564733